[Event "VIE-ch U11 Girls"]
[Site "Ho Chi Minh City"]
[Date "2014.07.14"]
[Round "3"]
[White "Nguyen, Thi Ngoc Han"]
[Black "Tran, Thi Thanh Ngan"]
[Result "1-0"]
[WhiteElo "1742"]
[BlackElo "1726"]
[PlyCount "53"]
[EventDate "2014.07.13"]
[EventType "swiss"]
[EventRounds "9"]
[EventCountry "VIE"]
[SourceTitle "EXT 2016"]
[Source "ChessBase"]
[SourceDate "2015.10.08"]
[SourceVersion "1"]
[SourceVersionDate "2015.10.08"]
[SourceQuality "1"]

1. e4 e5 2. Nf3 Nc6 3. Bc4 d6 4. d3 Nf6 5. Nc3 Be6 6. Bb5 a6 7. Bxc6+ bxc6 8. h3 Be7 9. b3 0-0 10. Bb2 Qd7 11. Ng5 h6 12. Nxe6 fxe6 13. Qd2 d5 14. 0-0-0 Nxe4 15. Nxe4 dxe4 16. h4 Qd5 17. Kb1 exd3 18. cxd3 Qxg2 19. Rdf1 Bxh4 20. Rhg1 Qh2 21. Qxh6 Rf7 22. Qxe6 Rd8 23. Bxe5 Bg3 24. Rxg3 Kf8 25. Rxg7 Qh5 26. Rfg1 Rxg7 27. Bxg7# 1-0